| 000 | 00361nam a2200121Ia 4500 | ||
|---|---|---|---|
| 008 | 210430s9999 xx 000 0 und d | ||
| 082 | _a620.11 A834 T | ||
| 100 | _aDonald R Askeland | ||
| 245 | 4 |
_aThe Science and Engineering of Materials 3rd edition _cDonald R Askeland |
|
| 260 |
_aBoston _bPWS Publishing Company _c1994 |
||
| 300 | _a812p. | ||
| 942 |
_cBK _2ddc |
||
| 999 |
_c562974 _d562974 |
||